[Event "Ikaria op"]
[Site "Ikaria"]
[Date "1998.??.??"]
[Round "7"]
[White "Banikas, Hristos"]
[Black "Nikolaidis, Ioannis"]
[Result "1/2-1/2"]
[WhiteElo "2495"]
[BlackElo "2490"]

1.d4 d5 2.c4 dxc4 3.e4 Nf6 4.e5 Nfd7 5.Bxc4 Nb6 6.Bb3 Nc6 7.Nf3 Bg4 8.Ng5 Bxd1
9.Bxf7+ Kd7 10.Be6+ Ke8 11.Bf7+ Kd7  1/2-1/2

[Event "Krynica m"]
[Site "Krynica"]
[Date "1998.??.??"]
[Round "3"]
[White "Miton, Kamil"]
[Black "Kortschnoj, Viktor"]
[Result "1-0"]
[WhiteElo "2375"]
[BlackElo "2625"]

1.d4 d5 2.c4 dxc4 3.e4 e5 4.Nf3 exd4 5.Bxc4 Nc6 6.O-O Be6 7.Bxe6 fxe6 8.Qb3 Qd7
9.Qxb7 Rb8 10.Qa6 Nf6 11.Nbd2 Bd6 12.Qd3 O-O 13.Nc4 Ng4 14.h3 Rxf3 15.Qxf3 Nh2
16.Qe2 Nxf1 17.Qxf1 Rf8 18.Bd2 Bg3 19.Be1 Ne5 20.Nxe5 Bxe5 21.Qc4 d3 22.Rd1 Rd8
23.b3 h5 24.Bd2 Bd4 25.Bg5 Bf6 26.Be3 a5 27.a4 Kf7 28.Qc5 Kg6 29.Rd2 Qd6
30.Qc4 Be5 31.Kh1 h4 32.Qb5 Kf6 33.Qc4 Qb4 34.f4 Qxc4 35.fxe5+ Kxe5 36.bxc4 Kxe4
37.Bf2 g5 38.Kh2 Rb8 39.g3 hxg3+ 40.Kxg3 Rb4 41.Kg4 Rxc4 42.Kxg5 Rc2 43.Be1 Ke3
44.Rd1 Ke2 45.Rb1 e5 46.Bxa5 e4 47.Kf4 Rc4 48.Re1+ Kf2 49.Rxe4 Rc5 50.Bb4 Rh5
51.Kg4 Rd5 52.Bd2 c5 53.h4 Rd8 54.h5 Rc8 55.h6 c4 56.Bc3 Rc7 57.a5 Rd7 58.Rxc4 Ke3
59.a6 d2 60.Bxd2+ Kxd2 61.Ra4  1-0

[Event "RUS-Cup02"]
[Site "Moscow"]
[Date "1998.??.??"]
[Round "1"]
[White "Daschian, Nikolai V"]
[Black "Anisheva, Varvara"]
[Result "1-0"]
[WhiteElo "2445"]
[BlackElo "2190"]

1.d4 d5 2.c4 dxc4 3.e4 e5 4.Nf3 exd4 5.Bxc4 Nc6 6.O-O Be6 7.Bxe6 fxe6 8.Qb3 Qd7
9.Qxb7 Rb8 10.Qa6 Nf6 11.Nbd2 Be7 12.Qd3 O-O 13.Nc4 Bc5 14.Bd2 Nh5 15.a3 a5
16.Nfe5 Nxe5 17.Nxe5 Qe8 18.Rac1 Bd6 19.Qxd4 Qb5 20.Nc6 Rb6 21.a4 Qxb2 22.Qxb2 Rxb2
23.Bxa5 Nf4 24.Ra1 Ne2+ 25.Kh1 Rc2 26.e5 Rxc6 27.exd6 cxd6 28.g3 e5 29.Kg2 Nd4
30.Ra2 Ra8 31.Bb4 Nc2 32.Bd2 Kf7 33.Rc1 Nd4 34.Rb1 h6 35.Rb7+ Kf6 36.a5 Raa6
37.Rab2 Ne6 38.R2b6 Nc5 39.Rxc6 Rxc6 40.Rb5 Ke6 41.Be3 Kd5 42.Kf3 Ra6 43.Bd2 Kc4
44.Rb2 d5 45.Rc2+ Kb5 46.Rb2+ Ka4 47.Rb4+ Ka3 48.Rb5 Nb3 49.Rxd5 Nxd2+ 50.Rxd2 Rxa5
51.Rd7 g5 52.Rh7 Ra6 53.Ke4 Rf6 54.Kxe5 Rxf2 55.Rxh6 g4 56.Rh4 Kb3 57.Rxg4 Rxh2
58.Rf4 Kc3 59.g4 Rg2 60.Kf5 Kd3 61.g5 Ke3 62.Re4+ Kf3 63.Rb4 Ke3 64.g6  1-0

[Event "Moscow Kasparov Cup"]
[Site "Moscow"]
[Date "1998.??.??"]
[Round "1"]
[White "Izoria, Zviad"]
[Black "Tenikashvili, Georgij"]
[Result "0-1"]
[WhiteElo "2270"]
[BlackElo "2165"]

1.d4 d5 2.c4 dxc4 3.e4 e5 4.Nf3 exd4 5.Bxc4 Nc6 6.O-O Be6 7.Bxe6 fxe6 8.Qb3 Qd7
9.Qxb7 Rb8 10.Qa6 Nf6 11.Nbd2 Bb4 12.a3 Bxd2 13.Nxd2 O-O 14.b4 Rb6 15.Qd3 Ne5
16.Qb3 a5 17.f4 Nc6 18.Nc4 Rb5 19.Qa4 Rfb8 20.Nxa5 Nxa5 21.bxa5 Nxe4 22.a6 Qd5
23.a7 Ra8 24.Re1 Ra5 25.Qc2 d3 26.Qxc7 R5xa7 27.Qb6 d2 28.Bxd2 Nxd2 29.Red1 Rd7
30.a4 Rad8 31.a5 Qc4 32.Rdc1 Qxf4 33.Qxe6+ Kh8 34.Qxd7 Nf3+ 35.gxf3 Qe3+
36.Kg2 Qe2+ 37.Kg3 Qe5+ 38.Kf2 Qxh2+ 39.Kf1 Qh1+ 40.Kf2 Qh4+ 41.Kg2 Rxd7
42.Rc8+ Rd8 43.Rxd8+ Qxd8 44.a6 Qa8 45.a7 g6 46.Kg3 Kg7 47.Ra2 Kf7 48.Kf4 h6
49.Ke5 Ke7 50.Kf4 Kf6 51.Kg3 Ke5 52.f4+ Kd5 53.Ra5+ Ke6 54.Ra6+ Kf7 55.Ra5 Kg7
56.Ra2 g5 57.fxg5 hxg5 58.Ra4 Kg6 59.Ra6+ Kf5 60.Ra5+ Ke6 61.Ra6+ Kd5 62.Ra5+ Kc6
63.Ra1 Kb5 64.Rb1+ Kc4 65.Rc1+ Kd5 66.Ra1 Kc4 67.Rc1+ Kd4 68.Rd1+ Ke3 69.Re1+ Kd3
70.Re7 Kd4 71.Rg7 Ke4 72.Kg4 Qd8 73.Re7+ Kd5 74.Rg7 Kc6 75.Kh5 Kb6 76.Rd7 Qg8
77.Kg4 Ka6 78.Kh5 g4 79.Rg7 Qh8+ 80.Kg6 Qxg7+  0-1

[Event "Moscow-ch op"]
[Site "Moscow"]
[Date "1998.??.??"]
[Round "5"]
[White "Novichkov, Vadim"]
[Black "Donchenko, Anatoly G"]
[Result "0-1"]
[WhiteElo "2415"]
[BlackElo "2385"]

1.d4 d5 2.c4 dxc4 3.e4 Nc6 4.Be3 Nf6 5.Nc3 Ng4 6.Bxc4 Nxe3 7.fxe3 g6 8.Qf3 e6
9.e5 Nxe5 10.dxe5 Qh4+ 11.Qf2 Qxc4 12.Qf6 Rg8 13.O-O-O Be7 14.Qf3 Qc5 15.Ne2 Qxe5
16.Rhf1 f6 17.Nd4 Kf7 18.h4 Rd8 19.h5 g5 20.Qe2 Kg7 21.h6+ Kg8 22.Nf3 Rxd1+
23.Rxd1 Qf5 24.e4 Qg6 25.Qc4 Bd6 26.e5 fxe5 27.Ne4 Bd7 28.Nxe5 Bxe5 29.Rxd7 Qxh6
30.Kc2 Qg6 31.Kb3 Re8 32.g4 a6 33.a3 h5 34.gxh5 Qxh5 35.Qd3 g4 36.Ka2 Qf5
37.Qd2 Qg6 38.Qd3 g3 39.Nxg3 Qxd3 40.Rxd3 Bxg3 41.Rxg3+ Kf7 42.Kb3 Rg8 43.Rh3 Ke7
44.Kc3 Rg5 45.Rh7+ Kd6 46.Rh8 Rd5 47.Rd8+ Ke5 48.Rc8 Rd7 49.Rb8 b6 50.b4 Rd5
51.Ra8 a5 52.Rc8 Kd6 53.Rd8+ Kc6 54.Re8 Re5 55.Kd4 Rd5+ 56.Kc4 Kd7 57.Rb8 Rh5
58.Kb3 Rh3+ 59.Ka4 axb4 60.Kxb4 Rh4+ 61.Kb5 Rh5+ 62.Kb4 Rc5 63.Ra8 Kd6 64.Rd8+ Ke5
65.a4 Kf4 66.Rd7 Rc1 67.Rf7+ Ke4 68.a5 bxa5+ 69.Kxa5 e5  0-1

[Event "EU-ch U18"]
[Site "Murek"]
[Date "1998.??.??"]
[Round "8"]
[White "Postniy, Evgeny"]
[Black "Zakharov, Alexander S"]
[Result "1/2-1/2"]
[WhiteElo "2260"]
[BlackElo "2375"]

1.d4 d5 2.c4 dxc4 3.e4 e5 4.Nf3 exd4 5.Bxc4 Nc6 6.O-O Be6 7.Bxe6 fxe6 8.Qb3 Qd7
9.Qxb7 Rb8 10.Qa6 Nf6 11.Nbd2 Bb4 12.a3 Bxd2 13.Nxd2 O-O 14.b4 Rb6 15.Qa4 Rfb8
16.Nc4 Rb5 17.f3 d3 18.Be3 Nd4 19.Qxa7 Ne2+ 20.Kh1 Qc6 21.Na5 Qd6 22.Bc5 Qf4
23.Nc6 Nh5 24.g4 Nhg3+ 25.hxg3 Qxg3 26.Bg1 Qh3+ 27.Bh2 Ng3+ 28.Kg1 Ne2+ 29.Kh1 Ng3+  1/2-1/2

[Event "Nyirsegi Torna op"]
[Site "Nyirsegi Torna"]
[Date "1998.??.??"]
[Round "2"]
[White "Varga, Peter"]
[Black "Mate, Laszlo"]
[Result "1-0"]
[WhiteElo "2445"]
[BlackElo "2340"]

1.d4 d5 2.c4 dxc4 3.e4 Nc6 4.Be3 e5 5.d5 Nce7 6.Bxc4 Nf6 7.f3 Ng6 8.Bb5+ Nd7
9.Nc3 Bd6 10.Nge2 O-O 11.Qd2 a6 12.Bd3 Nf6 13.O-O-O Bd7 14.Kb1 b5 15.Rc1 b4
16.Nd1 Qb8 17.h4 Bb5 18.Nf2 Nd7 19.h5 Ne7 20.g4 Bxd3+ 21.Nxd3 Qb7 22.Ng3 Nb6
23.Bxb6 Qxb6 24.Nf5 Nxf5 25.gxf5 h6 26.f6 Kh7 27.fxg7 Rg8 28.Nxe5 Bxe5 29.Rc6 Qxc6
30.dxc6 Rad8 31.Qxb4 Rb8 32.Qe7 Rxb2+ 33.Kc1 f6 34.Rg1 Rxa2 35.Rg4  1-0

[Event "RUS-Cup"]
[Site "Omsk/Perm"]
[Date "1998.??.??"]
[Round "3"]
[White "Kolmachevskikh, Viktor"]
[Black "Zakharov, Alexander S"]
[Result "0-1"]
[WhiteElo "2280"]
[BlackElo "2360"]

1.d4 d5 2.c4 dxc4 3.e4 e5 4.Nf3 exd4 5.Bxc4 Nc6 6.O-O Be6 7.Bxe6 fxe6 8.Qb3 Qd7
9.Bf4 Bd6 10.e5 Bc5 11.Ng5 Nd8 12.Nd2 Ne7 13.Nde4 Bb6 14.Qh3 h5 15.Rac1 Ng6
16.Qg3 Nxf4 17.Qxf4 Nc6 18.Nc5 Bxc5 19.Rxc5 O-O-O 20.Rfc1 Rhf8 21.Qe4 d3
22.Nf3 d2 23.Rd1 Qd3 24.Qxd3 Rxd3 25.Kf1 Rfd8 26.Ke2 R3d5 27.Rxd5 Rxd5 28.Rxd2 Ra5
29.Ke3 Nxe5 30.Nxe5 Rxe5+ 31.Kf4 Rf5+ 32.Ke4 c6 33.f4 Rd5 34.Rc2 Kd7 35.g3 c5
36.h3 Kd6 37.g4 Rd4+ 38.Ke3 h4 39.Rf2 b5 40.f5 Ke5 41.fxe6 Kxe6 42.Rf8 Ra4
43.Rb8 b4 44.Kd3 Rxa2 45.Kc2 Ra1 46.Rh8 g5 47.Rg8 Kf6 48.Rf8+ Ke5 49.Kd3 Rc1
50.Rf5+ Ke6 51.Rxg5 c4+ 52.Kd4 c3 53.bxc3 Rxc3 54.Ra5 Rxh3 55.Ra6+ Kf7 56.Rxa7+ Kg6
57.Ke4 Rc3 58.Rb7 h3 59.Kf4 h2 60.Rb6+ Kf7 61.Rh6 Rc2  0-1

[Event "Wch U14 Girls"]
[Site "Oropesa del Mar"]
[Date "1998.??.??"]
[Round "8"]
[White "Cherednichenko, Svetlana"]
[Black "Levushkina, Elena"]
[Result "1/2-1/2"]
[WhiteElo "2210"]
[BlackElo "2105"]

1.d4 d5 2.c4 dxc4 3.e4 Nf6 4.e5 Nd5 5.Bxc4 Nb6 6.Bb3 Nc6 7.Ne2 Bf5 8.Nbc3 e6
9.a3 Qd7 10.O-O O-O-O 11.Be3 f6 12.f4 Na5 13.Na2 Nac4 14.Rc1 fxe5 15.fxe5 Be7
16.Ng3 Bg6  1/2-1/2

[Event "Ostrava Cup"]
[Site "Ostrava"]
[Date "1998.??.??"]
[Round "4"]
[White "Dydyshko, Viacheslav"]
[Black "Talla, Vladimir"]
[Result "1-0"]
[WhiteElo "2495"]
[BlackElo "2305"]

1.d4 d5 2.c4 dxc4 3.e4 e5 4.Nf3 Bb4+ 5.Nc3 exd4 6.Qxd4 Qxd4 7.Nxd4 Nf6 8.f3 Bc5
9.Ndb5 Na6 10.Bf4 Be6 11.Bxc7 O-O 12.Be2 Nb4 13.O-O-O a6 14.Bd6 Rfc8 15.Bxc5 Rxc5
16.Nd6 b5 17.a3 Nd3+ 18.Bxd3 cxd3 19.Rxd3 a5 20.Kd2 b4 21.Na4 Rc6 22.Rc1 Rxc1
23.Kxc1 Kf8 24.Nc5 Ke7 25.Kc2 bxa3 26.bxa3 Nd7 27.Nxe6 fxe6 28.Nb5 g5 29.Rc3 Rb8
30.Nd4 Ne5 31.Rc6 Kf7 32.Rxe6 Nc4 33.Ra6 Nxa3+ 34.Kd3 Nb5 35.Rxa5 Nxd4 36.Kxd4 g4
37.Rg5  1-0

[Event "HUN-ch U14"]
[Site "Paks"]
[Date "1998.??.??"]
[Round "6"]
[White "Jakab, Attila"]
[Black "Mihalik, Agoston"]
[Result "1-0"]
[WhiteElo "2210"]
[BlackElo "2130"]

1.d4 d5 2.c4 dxc4 3.e4 Nc6 4.Be3 Nf6 5.Nc3 Ng4 6.Bxc4 Nxe3 7.fxe3 e5 8.Nf3 Bg4
9.Qb3 Qd7 10.Bxf7+ Qxf7 11.Qxb7 Nd8 12.Qxa8 Bxf3 13.O-O exd4 14.exd4 Qc4
15.Rxf3 Qxd4+ 16.Kh1 Bd6 17.Qd5 Qxd5 18.exd5 Kd7 19.Re1 h5 20.Nb5 h4 21.Nxa7 g5
22.Nb5 g4 23.Rfe3 Bc5 24.Rc3 Bb6 25.Rec1 Rh5 26.Nxc7 g3 27.Ne6 Rxd5 28.Nxd8 Kxd8
29.hxg3 hxg3 30.Rxg3 Rh5+ 31.Rh3 Rxh3+ 32.gxh3  1-0

[Event "Pardubice Czech op"]
[Site "Pardubice"]
[Date "1998.??.??"]
[Round "3"]
[White "Gyimesi, Zoltan"]
[Black "Kucera, Petr"]
[Result "1-0"]
[WhiteElo "2505"]
[BlackElo "2365"]

1.d4 d5 2.c4 dxc4 3.e4 e5 4.Nf3 Bb4+ 5.Bd2 Bxd2+ 6.Nbxd2 exd4 7.Bxc4 Nf6
8.e5 Nd5 9.Qb3 c6 10.O-O O-O 11.Bxd5 Qxd5 12.Qxd5 cxd5 13.Nxd4 Bd7 14.f4 g6
15.Rac1 Na6 16.Rc3 Rfe8 17.a3 Rac8 18.Rfc1 Rxc3 19.Rxc3 f6 20.N2f3 g5 21.e6 Bxe6
22.fxg5 fxg5 23.Nxg5 Bd7 24.Rg3 Re1+ 25.Kf2 Rb1 26.b4 Nb8 27.Ke3 Nc6 28.Nge6+ Kh8
29.Nxc6 Bxc6 30.Kd4 Re1 31.Ng5 h6 32.Nf7+ Kh7 33.Nd6 Rd1+ 34.Rd3 Rg1 35.g3 b6
36.b5 Bd7 37.Kxd5 Rc1 38.Ke5 Rc5+ 39.Kf6 Bxb5 40.Nxb5  1-0

[Event "Paris op"]
[Site "Paris"]
[Date "1998.??.??"]
[Round "6"]
[White "Gerard, Nicolas"]
[Black "Golubovic, Boris"]
[Result "1/2-1/2"]
[WhiteElo "2225"]
[BlackElo "2440"]

1.d4 d5 2.c4 dxc4 3.e4 e5 4.Nf3 exd4 5.Nxd4 Nf6 6.Nc3 Bc5 7.Be3 Ng4 8.Ne6 Qxd1+
9.Rxd1 Bxe6 10.Bxc5 Nd7 11.Ba3 a6 12.h3 Nh6 13.f4 f5 14.exf5 Nxf5 15.Kf2 O-O-O
16.g4 Nd6 17.Bxd6 cxd6 18.f5 Bf7 19.Ne4 Nc5 20.Nxc5 dxc5 21.Be2 Rd4 22.Rxd4 cxd4
23.Bxc4 Bxc4 24.Rc1 b5 25.b3 Kd7 26.bxc4 Rc8 27.c5 Kc6 28.Ke2 Rd8 29.Kd3 Rd5
30.Re1 Rxc5 31.Kxd4 Rc4+ 32.Ke5 Rc2 33.Ke6 Rxa2 34.Kf7 g6 35.f6 b4 36.Kg7 Rf2
37.Re6+ Kb5 38.f7 Rxf7+ 39.Kxf7 b3 40.Re8 a5 41.Ke6 Kc4 42.Rc8+  1/2-1/2

[Event "Paris op"]
[Site "Paris"]
[Date "1998.??.??"]
[Round "7"]
[White "Guigonis, Dominique"]
[Black "Stevic, Hrvoje"]
[Result "0-1"]
[WhiteElo "2315"]
[BlackElo "2465"]

1.d4 d5 2.c4 dxc4 3.e4 e5 4.Nf3 exd4 5.Bxc4 Nc6 6.O-O Nf6 7.e5 Ne4 8.Re1 Nc5
9.Bg5 Qd7 10.Nbd2 Ne6 11.Rc1 Be7 12.Ne4 O-O 13.a3 Bxg5 14.Nexg5 Nxg5 15.Nxg5 Qg4
16.Nxf7 Qxd1 17.Ng5+ Kh8 18.Rcxd1 h6 19.Nf7+ Kh7 20.e6 Re8 21.f4 Kg6 22.g4 Kf6
23.f5 g6 24.Bd3 gxf5 25.gxf5 Ne7 26.Nxh6 Kg5 27.Nf7+ Kf6 28.Rf1 Nd5 29.Rc1 Ne3
30.Rf4 Rg8+ 31.Kf2 Rg2+ 32.Kf3 Rxh2 33.Rxc7 Nd5 34.Nh6 Rh3+ 35.Kg4 Rxd3 36.Re4 Nxc7
37.Kf4 Nxe6+ 38.fxe6 Bxe6  0-1

[Event "ESP-chT"]
[Site "Salamanca"]
[Date "1998.??.??"]
[Round "4"]
[White "Romero Holmes, Alfonso"]
[Black "Estremera Panos, Sergio"]
[Result "1-0"]
[WhiteElo "2485"]
[BlackElo "2405"]

1.d4 d5 2.c4 dxc4 3.e4 c5 4.d5 e6 5.Nc3 Nf6 6.Bxc4 exd5 7.Nxd5 Nxd5 8.Bxd5 Be7
9.Nf3 O-O 10.O-O Nc6 11.Bxc6 bxc6 12.Be3 Be6 13.Qc2 Qa5 14.Rfc1 Rfd8 15.Ne5 Rac8
16.f4 Bf6 17.Nf3 Bd4 18.Bxd4 cxd4 19.Qc5 Qxc5 20.Rxc5 d3 21.Nd2 g6 22.b3 f5
23.e5 Rd4 24.g3 Bd5 25.Kf2 g5 26.Ke3 Rb4 27.a3 gxf4+ 28.gxf4 Rb6 29.b4 Kf7
30.Rg1 Rd8 31.Kxd3 Be4+ 32.Ke2 Bd3+ 33.Ke3  1-0

[Event "Rilton Cup 97/98"]
[Site "Stockholm"]
[Date "1998.??.??"]
[Round "9"]
[White "Hellborg, Teodor"]
[Black "Hillarp Persson, Tiger"]
[Result "0-1"]
[WhiteElo "2220"]
[BlackElo "2445"]

1.d4 d5 2.c4 dxc4 3.e4 c5 4.d5 Nf6 5.Nc3 b5 6.Nxb5 Qa5+ 7.Nc3 Nxe4 8.Qf3 Nd6
9.Bf4 Nd7 10.Qe2 Nf5 11.Qe4 Nd4 12.d6 Nb6 13.dxe7 Bxe7 14.Bd6 Be6 15.Bxe7 Kxe7
16.Nf3 Rad8 17.Be2 Na4 18.O-O Nxc3 19.bxc3 Qxc3 20.Rac1 Nxe2+ 21.Qxe2 Qd3
22.Qe5 Qd5 23.Qe2 f6 24.Rfd1 Qc6 25.Nd2 Rhe8 26.Nxc4 Rxd1+ 27.Qxd1 Rd8 28.Qe2 Qa6
29.Re1 Rd4 30.Ne3 Qxe2 31.Rxe2 Kd6 32.h3 Ra4 33.Rd2+ Ke7 34.Re2 Kf7 35.Rc2 Ra5
36.a3 Ke7 37.Rc3 Kd6 38.Kf1 Ke5 39.Ke2 Rb5 40.Kd2 Rb2+ 41.Nc2 Kd6 42.Kc1 Rb3
43.Kd2 Rxc3 44.Kxc3 g5 45.Ne3 h5 46.Kd3 Ke5 47.Nd1 h4 48.Nc3 Bd5 49.f3 f5
50.Ke3 Bc6 51.Nb1 f4+ 52.Kd2 g4 53.hxg4 Bxf3  0-1

[Event "Turku We TSY"]
[Site "Turku"]
[Date "1998.??.??"]
[Round "5"]
[White "Sammalvuo, Tapani"]
[Black "Kallio, Heikki"]
[Result "1-0"]
[WhiteElo "2395"]
[BlackElo "2330"]

1.d4 d5 2.c4 dxc4 3.e4 Nf6 4.e5 Nd5 5.Bxc4 Nb6 6.Bd3 Nc6 7.Ne2 Nb4 8.Be4 f5
9.exf6 exf6 10.Nf4 Qe7 11.O-O Kd8 12.Re1 Qf7 13.d5 Bd6 14.Ne6+ Bxe6 15.dxe6 Qxe6
16.Bxb7 Qf5 17.Bxa8 Nxa8 18.Na3 Nb6 19.Qf3 Qxf3 20.gxf3 N6d5 21.Rd1 c6 22.Nc4 Bc5
23.Be3 Bxe3 24.Nxe3 Kc7 25.Rac1 Nxe3 26.fxe3 Nxa2 27.Ra1 Nb4 28.Rxa7+ Kb6
29.Rxg7 Ra8 30.Rxh7 Ra2 31.Rd2 Nd5 32.Kf2  1-0

[Event "Vienna op 13th"]
[Site "Vienna"]
[Date "1998.??.??"]
[Round "?"]
[White "Epishin, Vladimir"]
[Black "Baburin, Alexander"]
[Result "0-1"]
[WhiteElo "2590"]
[BlackElo "2600"]

1.d4 d5 2.c4 dxc4 3.e4 Nc6 4.Be3 Nf6 5.Nc3 e5 6.d5 Na5 7.Nf3 Bd6 8.Qa4+ Bd7
9.Qxa5 a6 10.Bc5 b6 11.Bxd6 bxa5 12.Ba3 Bb5 13.b3 Nxe4 14.Nxe4 cxb3 15.O-O-O bxa2
16.Kb2 f6 17.Kxa2 Kf7 18.Rd2 Qd7 19.Bxb5 axb5 20.Rc1 b4 21.Bb2 Rhd8 22.Rc6 Kg8
23.Nc5 Qg4 24.Ne6 Qxg2 25.Nxd8 Rxd8 26.Ne1 Qe4 27.Rc1 a4 28.f3 Qe3 29.Rcd1 Qb3+
30.Ka1 a3 31.Bc1 Qc3+ 32.Kb1 Ra8  0-1

[Event "Hastings Challengers"]
[Site "Hastings"]
[Date "1999.01.02"]
[Round "5"]
[White "Arkell, Keith C"]
[Black "Duncan, Christopher R"]
[Result "0-1"]
[WhiteElo "2475"]
[BlackElo "2265"]

1.d4 d5 2.c4 dxc4 3.e4 c5 4.d5 Nf6 5.Nc3 b5 6.e5 b4 7.exf6 bxc3 8.Bxc4 Qa5
9.Ne2 cxb2+ 10.Bd2 Qb6 11.Rb1 Bf5 12.Qa4+ Bd7 13.Qa3 exf6 14.Rxb2 Qc7 15.Bf4 Bd6
16.Qg3 Bxf4 17.Qxg7 Rf8 18.Nxf4 Qxf4 19.O-O Qd6 20.Re1+ Kd8 21.Rbe2 a5 22.Re7 Qxe7
23.Rxe7 Kxe7 24.d6+ Kxd6 25.Qxf8+ Kc7  0-1

[Event "Excelsior Cup"]
[Site "Goteborg"]
[Date "1999.01.13"]
[Round "7"]
[White "Ziegler, Ari"]
[Black "Brynell, Stellan"]
[Result "1/2-1/2"]
[WhiteElo "2402"]
[BlackElo "2489"]

1.d4 d5 2.c4 dxc4 3.e4 Nf6 4.e5 Nd5 5.Bxc4 Nb6 6.Bd3 Nc6 7.Be3 Nb4 8.Be4 f5
9.exf6 exf6 10.a3 f5 11.axb4 fxe4 12.Qh5+ g6 13.Qe5+ Kf7 14.Nc3 Bxb4 15.Qxe4 Re8
16.Qf3+ Qf6 17.Qxf6+ Kxf6 18.Ne2 Be6 19.O-O Bc4 20.Rfe1 c6 21.Ng3 Bxc3 22.bxc3 Bd5
23.Bf4 Nd7  1/2-1/2

[Event "Linares Anibal op"]
[Site "Linares"]
[Date "1999.01.14"]
[Round "7"]
[White "Giorgadze, Giorgi"]
[Black "Narciso Dublan, Marc"]
[Result "1-0"]
[WhiteElo "2610"]
[BlackElo "2460"]

1.d4 d5 2.c4 dxc4 3.e4 Nf6 4.e5 Nd5 5.Bxc4 Nb6 6.Bb3 Nc6 7.Ne2 Bf5 8.Nbc3 e6
9.Be3 Na5 10.Bc2 Bxc2 11.Qxc2 Be7 12.O-O O-O 13.Rad1 Re8 14.f4 Nd5 15.Nxd5 Qxd5
16.Nc3 Qc6 17.f5 Nc4 18.Bc1 exf5 19.Qxf5 Qe6 20.Qf3 c6 21.Ne4 Nb6 22.Bg5 Qg6
23.h4 Bxg5 24.Nxg5 f6 25.exf6 gxf6 26.Qxf6 Qxf6 27.Rxf6 Re2 28.Rd3 Nd5 29.Rf2 Rae8
30.Rg3 Rxf2 31.Kxf2 h6 32.Ne4+ Kh7 33.Nc3 Nf6 34.Rd3 h5 35.Kf3 Kh6 36.Re3 Rf8
37.Re6 Kg7 38.Re7+ Kh6 39.Rxb7 Ng4+ 40.Kg3 Ne3 41.Rxa7 Rg8+ 42.Kf2 Nxg2 43.d5 Nxh4
44.dxc6 Rf8+ 45.Ke2 Re8+ 46.Kf2 Rf8+ 47.Kg3 Nf5+ 48.Kh3 Ne3 49.c7 Rf3+ 50.Kh2 h4
51.c8=Q Rf2+ 52.Kh3  1-0

[Event "Ubeda op"]
[Site "Ubeda"]
[Date "1999.01.26"]
[Round "7"]
[White "Giorgadze, Giorgi"]
[Black "Svetushkin, Dmitry"]
[Result "1-0"]
[WhiteElo "2610"]
[BlackElo "2460"]

1.d4 d5 2.c4 dxc4 3.e4 e5 4.Nf3 exd4 5.Bxc4 Nc6 6.O-O Be6 7.Bb5 Bc5 8.Nbd2 Ne7
9.Ng5 Qd7 10.Nxe6 Qxe6 11.Nb3 Qd6 12.Bf4 Qxf4 13.Nxc5 O-O 14.Rc1 Ne5 15.g3 Qh6
16.f4 a6 17.Bd3 Nxd3 18.Nxd3 Rac8 19.Qf3 b6 20.b4 Qe6 21.Rf2 f5 22.Re2 fxe4
23.Qxe4 Qxe4 24.Rxe4 Nf5 25.Kf2 Rfd8 26.Kf3 Rd6 27.g4 Ne3 28.a4 c6 29.h3 Kf8
30.f5 g6 31.Nf4 Kf7 32.Ne2 c5 33.Nxd4 cxd4 34.Rxc8 d3 35.Re6 Rd7 36.Rh8 gxf5
37.Rxe3 Kg7 38.Rhe8 Kf7 39.gxf5 d2 40.Re1 dxe1=Q 41.Rxe1 Rd4 42.Re4 Rd3+
43.Kg4 Ra3 44.b5 axb5 45.axb5 Rb3 46.Re5 Rb1 47.h4 Rb4+ 48.Kg5 h6+ 49.Kh5 Kf6
50.Rd5 Kg7 51.Re5 Kf6 52.Re6+ Kxf5 53.Rxb6 Ke5 54.Rb8 Kf6 55.Rb7 Ke6 56.Rb6+ Kf7
57.Rb8 Kg7 58.Rb7+ Kf6 59.b6 Ke5 60.Rb8 Kf6 61.Rg8 Ke6 62.Rg4 Rb5+ 63.Kxh6 Kf7
64.Rg7+ Kf6 65.h5 Rb2 66.b7 Rb5 67.Rc7 Rb2 68.Kh7 Kg5 69.h6  1-0

[Event "Mermaid Beach Club"]
[Site "Bermuda"]
[Date "1999.01.27"]
[Round "7"]
[White "Bacrot, Etienne"]
[Black "Waitzkin, Joshua"]
[Result "1/2-1/2"]
[WhiteElo "2561"]
[BlackElo "2467"]

1.d4 d5 2.c4 dxc4 3.e4 e5 4.Nf3 exd4 5.Bxc4 Nc6 6.O-O Be6 7.Bxe6 fxe6 8.Qb3 Qd7
9.Qxb7 Rb8 10.Qa6 Nf6 11.Nbd2 Bd6 12.a3 O-O 13.Qd3 Ng4 14.h3 Nge5 15.Nxe5 Nxe5
16.Qxd4 Ng4 17.Kh1 c5 18.Qd3 Nxf2+ 19.Rxf2 Rxf2 20.e5 Rd8 21.exd6 Qxd6 22.Qxd6 Rxd6
23.Kg1 Rdxd2 24.Bxd2 Rxd2 25.Rc1 Rxb2 26.Rxc5 Rb7 27.Ra5 Kf7 28.Kf2 Kf6 29.Kf3 h5
30.Ke4 h4 31.Kf4 Rc7 32.Kg4 Rc4+ 33.Kf3 Rc3+ 34.Kf2 Rc7 35.Kf3 g5 36.Ke3 Rc3+
37.Kf2 Rc7 38.Ke3 Rb7 39.Kf3 Rb3+ 40.Kf2 Rb7 41.Ke3 Rc7 42.Kf3 Rb7 43.Ke3 Rb3+
44.Kf2 e5 45.Rxa7 Kf5 46.Rf7+ Ke4 47.Rg7 Rb2+ 48.Kg1 Kf4 49.Rf7+ Ke3 50.Rf3+ Kd4
51.Rf2  1/2-1/2

[Event "HUN-ch"]
[Site "Lillafured"]
[Date "1999.02.04"]
[Round "4"]
[White "Tolnai, Tibor"]
[Black "Gyimesi, Zoltan"]
[Result "1/2-1/2"]
[WhiteElo "2535"]
[BlackElo "2529"]

1.d4 d5 2.c4 dxc4 3.e4 c5 4.d5 e6 5.Nc3 exd5 6.Nxd5 Ne7 7.Bxc4 Nxd5 8.Bxd5 Be7
9.Nf3 O-O 10.O-O Na6 11.Bf4 Nc7 12.Re1 Nxd5 13.exd5 Bd6 14.Bxd6 Qxd6 15.Ne5 b6  1/2-1/2

[Event "Bunratty Masters"]
[Site "Bunratty"]
[Date "1999.02.18"]
[Round "1"]
[White "Joyce, John"]
[Black "Baburin, Alexander"]
[Result "0-1"]
[WhiteElo "2195"]
[BlackElo "2586"]

1.d4 d5 2.c4 dxc4 3.e4 Nc6 4.Be3 Nf6 5.Nc3 e5 6.d5 Na5 7.Nf3 Bd6 8.Qa4+ Bd7
9.Qxa5 a6 10.Ne2 Nxe4 11.O-O-O c3 12.b4 b6 13.Qa3 a5 14.Qb3 axb4 15.Qc4 f5
16.Kb1 Ra4 17.Qd3 Qa8  0-1

[Event "Bunratty Masters"]
[Site "Bunratty"]
[Date "1999.02.20"]
[Round "5"]
[White "Arkell, Keith C"]
[Black "Brady, Stephen"]
[Result "1-0"]
[WhiteElo "2438"]
[BlackElo "2320"]

1.d4 d5 2.c4 dxc4 3.e4 Nf6 4.Nc3 e5 5.Nf3 exd4 6.Qxd4 Be6 7.Qxd8+ Kxd8 8.Nd4 Bb4
9.f3 Nbd7 10.Nxe6+ fxe6 11.Bxc4 Ke7 12.Be3 Rhd8 13.O-O-O Bc5 14.Bxc5+ Nxc5
15.e5 Nfd7 16.f4 Nb6 17.Be2 c6 18.b4 Nca4 19.Nxa4 Nxa4 20.Kc2 Nb6 21.Bf3 Nd5
22.Rd4 Ne3+ 23.Kc3 h6 24.g3 Nd5+ 25.Kb3 Rac8 26.Rc1 Ne3 27.Rxd8 Rxd8 28.b5 Rd3+
29.Rc3 Rxc3+ 30.Kxc3 cxb5 31.Bxb7 Nf1 32.Ba6 Nxh2 33.Bxb5 Ng4 34.Kd4 h5 35.Be2 Nh6
36.Bd3 Kf7 37.Kc5 Ng8 38.Kd6 Ne7 39.a4 a5 40.Bc2 g6 41.Kd7 h4 42.gxh4 Nd5
43.Bb3 Nxf4 44.Bc4 Ng2 45.Bxe6+ Kf8 46.Bd5 Nxh4 47.Be4  1-0

[Event "Alushta"]
[Site "Alushta"]
[Date "1999.03.07"]
[Round "5"]
[White "Rakhmangulov, Andrei"]
[Black "Svetushkin, Dmitry"]
[Result "0-1"]
[WhiteElo "2417"]
[BlackElo "2471"]

1.d4 d5 2.c4 dxc4 3.e4 e5 4.Nf3 exd4 5.Bxc4 Nc6 6.O-O Be6 7.Bb5 Bc5 8.b4 Bb6
9.Bb2 Ne7 10.Nxd4 O-O 11.Nxc6 Nxc6 12.Bxc6 bxc6 13.Qc2 a5 14.a3 Qg5 15.Qxc6 Rad8
16.Nc3 axb4 17.axb4 Rd4 18.Ra8 Bh3 19.g3 Rxa8 20.Qxa8+ Rd8 21.Ra1 h6 22.Qa4 Qf6  0-1

[Event "Chess Masters 3rd"]
[Site "Enghien-les-Bains"]
[Date "1999.03.10"]
[Round "7"]
[White "Salov, Valery"]
[Black "Sadler, Matthew"]
[Result "1/2-1/2"]
[WhiteElo "2670"]
[BlackElo "2667"]

1.d4 d5 2.c4 dxc4 3.e4 Nf6 4.e5 Nd5 5.Bxc4 Nc6 6.Ne2 Nb6 7.Bb3 Bf5 8.Nbc3 e6
9.a3 Qd7 10.O-O O-O-O 11.Be3 Be7 12.Rc1 Qe8 13.Ng3 Bg6 14.f4 Kb8 15.d5 exd5
16.Nxd5 Na5 17.Bxb6 axb6 18.Ba2 c6 19.b4 cxd5 20.bxa5 Bxa3 21.axb6 Bxc1 22.Qxc1 Qc6
23.f5 Qxc1 24.Rxc1 Rhe8 25.Re1 f6 26.e6 Rd6 27.Kf2 Re7 28.fxg6 hxg6 29.Bb1 Rexe6
30.Rxe6 Rxe6 31.Bxg6 Rxb6 32.Nf5 Rb2+ 33.Kf3 Rb3+ 34.Kf2 Rb2+ 35.Kf3 Rb3+
36.Kf2 Rb2+  1/2-1/2

[Event "Amber Rapidplay"]
[Site "Monte Carlo"]
[Date "1999.03.19"]
[Round "4"]
[White "Karpov, Anatoly"]
[Black "Lautier, Joel"]
[Result "1/2-1/2"]
[WhiteElo "2710"]
[BlackElo "2596"]

1.d4 d5 2.c4 dxc4 3.e4 e5 4.Nf3 exd4 5.Bxc4 Nc6 6.O-O Nf6 7.e5 Ne4 8.Re1 Nc5
9.Bg5 Be7 10.Bxe7 Qxe7 11.Nxd4 Nxd4 12.Qxd4 Be6 13.Bxe6 Nxe6 14.Qe4 O-O-O
15.Nc3 Rd4 16.Qe3 Qg5 17.Qxg5 Nxg5 18.Rac1 a6 19.Re2 Rhd8  1/2-1/2

[Event "Novgorod op"]
[Site "Novgorod"]
[Date "1999.03.19"]
[Round "10"]
[White "Sherbakov, Ruslan"]
[Black "Karpatchev, Aleksandr"]
[Result "1/2-1/2"]
[WhiteElo "2559"]
[BlackElo "2477"]

1.d4 d5 2.c4 dxc4 3.e4 Nc6 4.Nf3 Bg4 5.d5 Ne5 6.Nbd2 e6 7.Qa4+ Qd7 8.Qxd7+ Nxd7
9.dxe6 Bxe6 10.Nd4 Ne5 11.Nxe6 fxe6 12.Bxc4 Bb4 13.Bxe6 Nd3+ 14.Kf1 Rd8 15.Nb3 Nc5
16.Nxc5 Rd1+ 17.Ke2 Rxh1 18.Bd7+ Kf7 19.Nxb7 Re1+ 20.Kd3 Rd1+ 21.Kc4 Rxd7
22.Kxb4 Nf6 23.Nc5 Rd1 24.b3 Rf1 25.e5 Nd5+ 26.Kb5 Rb8+ 27.Ka5 c6 28.e6+ Kg6
29.a4 Rxf2 30.g4 Rxh2 31.Rb1 Rg2 32.Ka6 Rc2 33.Kxa7 Re8 34.Ba3 Nf4 35.Re1 Rxc5
36.Bxc5 Nd3 37.Bf2 Nxe1 38.Bxe1 Rxe6 39.Bf2 Re2 40.Bc5 Rc2 41.Kb6 Kg5 42.a5 Kxg4
43.a6 Ra2 44.Bb4 Rxa6+ 45.Kxa6 h5 46.Kb6 h4 47.Kxc6 h3 48.Bd6 Kf3 49.b4 g5
50.b5 g4 51.b6 g3 52.b7 h2 53.b8=Q h1=Q 54.Bxg3 Kg4+  1/2-1/2

[Event "Novgorod op"]
[Site "Novgorod"]
[Date "1999.03.21"]
[Round "3"]
[White "Volkov, Sergey"]
[Black "Sorokin, Maxim"]
[Result "0-1"]
[WhiteElo "2587"]
[BlackElo "2551"]

1.d4 d5 2.c4 dxc4 3.e4 Nf6 4.e5 Nd5 5.Bxc4 Nb6 6.Bd3 Nc6 7.Ne2 Bg4 8.f3 Be6
9.Nbc3 Qd7 10.Ne4 Bd5 11.Nc5 Qc8 12.a3 e6 13.Qc2 Bxc5 14.Qxc5 Qd7 15.Bg5 a6
16.O-O Nc4 17.Bxc4 b6 18.Qxd5 exd5 19.Bd3 O-O 20.f4 Na5 21.f5 c5 22.Rad1 Nc6
23.dxc5 Nxe5 24.cxb6 Qd6 25.b7 Rab8 26.Nd4 Qb6 27.Be2 Rxb7 28.Rf2 Re8 29.Bf3 Rc7
30.Kh1 Nd3 31.Rfd2 Qxd4 32.h3 Nf2+ 33.Kg1 Nxh3+ 34.Kh1 Qe5 35.Rxd5 Qxd5  0-1